000 00684nam a2200229Ia 4500
003 OSt
005 20220924113156.0
006 a|||||r|||| 00| 0
007 ta
008 220923b |||||||| |||| 00| 0 eng d
024 _a149586
037 _cDictionary
040 _aARTS
_cARTS
_beng
041 _2eng
_aeng
082 _aY1:4:6:2:N3, G9 (906)
100 _aBlulnt Edward ed
_9169630
245 0 _asocil service in India
_ban introduction to some social and economic problems of the Indian people
260 _aNA
_bNA
_c1939
650 _aSOCIOLOGY
942 _hY1:4:6:2:N3, G9 (906)
_cdic
_2cc
999 _c389447
_d389447